La psychanalyse précoce : le processus analytique chez l'enfant /

Uloženo v:
Podrobná bibliografie
Hlavní autor: Diatkine, René (autor)
Další autoři: Lebovici, Serge (prefacio) (prefacio), Simon, Janine (autor) (autor)
Médium: Kniha
Jazyk:francouzština
Vydáno: Vendôme, Francia : Presses Universitaires de France, 1972, c1972
Témata:
Tagy: Přidat tag
Žádné tagy, Buďte první, kdo vytvoří štítek k tomuto záznamu!

MARC

LEADER 00000nam^a2200000^a^4500
001 000372119
005 20250521000000.0
009 20260310115949.183
037 |a Acervo ITESO - Biblioteca 
041 |a FRA 
082 |a 155. 419  |b DIA 
100 |a Diatkine, René  |e (autor) 
245 1 3 |a La psychanalyse précoce :  |b le processus analytique chez l'enfant /  |c R. Diatkine, J. Simon ; pref. de S. Lebovici. 
264 4 |a Vendôme, Francia :  |b Presses Universitaires de France,  |c 1972, c1972 
300 |a 422 p. 
336 |a texto  |b txt  |2 rdacontenido 
337 |a sin mediación  |b n  |2 rdamedio 
338 |a volumen  |b nc  |2 rdasoporte 
649 |a XX 
650 |a Niños -  |x Aspectos Psicológicos -  |x Tema Principal 
650 |a Yo (Psicoanálisis) 
650 |a Complejo de Edipo 
650 |a Fantasía -  |x Teoría 
650 |a Pulsiones 
650 |a Inconsciente 
650 |a Psicoanálisis -  |x Técnica -  |x Tema Principal 
650 |a Psicoanálisis -  |x Teoría 
650 |a Psicología 
700 |a Lebovici, Serge  |e (prefacio) 
700 |a Simon, Janine  |e (autor) 
910 |a Fondo Armando Suárez Gómez 
920 |a Impresos - Libros 
930 |a Fondos Especiales 
905 |a 111 
901 |a 0700001368  |b IT2  |c ESP  |u 20250521 
902 |a https://opac.biblio.iteso.mx/vufind/Record/000372119